Top 10 najmniejszych krajów w Afryce według populacji - Statystyki

Ogólne statystyki
  • Ten quiz został rozwiązany 392 razy
    391 od ostatniego zresetowania
  • Średni wynik to 7 z 10
Statystyki odpowiedzi
Populacja Kraj % Poprawnych
80,654 Seszele
79%
1,032,000 Eswatini
74%
798,000 Komory
72%
183,176 Wyspy Swietego Tomasza i Ksiazeca
72%
906,000 Dzibuti
70%
1,219,220 Mauritius
70%
504,000 Gwinea Równikowa
66%
1,517,000 Gambia
65%
420,979 Republika Zielonego Przylądka
65%
1,384,000 Gabon
32%
Nie znaleziono quizów pasujących do podanych kryteriów
Rozkład punktacji
Procent ludzi z każdym wynikiem
Percentyl według liczby udzielonych odpowiedzi
Twoja historia wyników
Nie rozwiązałeś tego quizu od ostatniego zresetowania